[Event "UK-ch blitz (Women) op"]
[Site "Solihull"]
[Date "2018.12.01"]
[Round "4"]
[White "Sheikh, Syema"]
[Black "Norinkeviciute, Rasa"]
[Result "0-1"]
[WhiteElo "1620"]
[BlackElo "1995"]
[PlyCount "62"]
[EventDate "2018.12.01"]
[EventType "tourn (blitz)"]
[EventRounds "15"]
[EventCountry "ENG"]
[SourceTitle "EXT 2020"]
[Source "ChessBase"]
[SourceDate "2019.10.17"]
[SourceVersion "1"]
[SourceVersionDate "2019.10.17"]
[SourceQuality "1"]

1. d4 Nf6 2. c4 e6 3. Nc3 Bb4 4. Bd2 b6 5. e3 Bb7 6. Nf3 0-0 7. g3 d5 8. cxd5 Nxd5 9. Bg2 Nd7 10. 0-0 N5f6 11. a3 Be7 12. Qc2 Rc8 13. Nb5 a6 14. Nc3 c5 15. Qd3 b5 16. dxc5 Bxc5 17. b4 Ba7 18. Qe2 Nb6 19. Rfd1 Qe7 20. Rac1 Nc4 21. Ra1 Rfd8 22. e4 Nxd2 23. Rxd2 Rxc3 24. Rxd8+ Qxd8 25. Rd1 Qe7 26. Qd2 Rc8 27. e5 Nd5 28. Ng5 h6 29. Bxd5 Bxd5 30. Nh3 Qc7 31. Nf4 Rd8 0-1

[Event "UK-ch blitz (Women) op"]
[Site "Solihull"]
[Date "2018.12.01"]
[Round "8"]
[White "Sheikh, Syema"]
[Black "Orlovska, Madara"]
[Result "0-1"]
[WhiteElo "1620"]
[BlackElo "2080"]
[PlyCount "62"]
[EventDate "2018.12.01"]
[EventType "tourn (blitz)"]
[EventRounds "15"]
[EventCountry "ENG"]
[SourceTitle "EXT 2020"]
[Source "ChessBase"]
[SourceDate "2019.10.17"]
[SourceVersion "1"]
[SourceVersionDate "2019.10.17"]
[SourceQuality "1"]

1. d4 Nf6 2. Nc3 g6 3. Nf3 Bg7 4. e4 d6 5. Bd3 0-0 6. 0-0 c5 7. Be3 cxd4 8. Bxd4 Nc6 9. Be3 Ng4 10. Qd2 Nxe3 11. fxe3 a6 12. Nd5 b5 13. c3 e6 14. Nf4 Bb7 15. Nd4 Na5 16. b4 Nc4 17. Bxc4 bxc4 18. Qc2 e5 19. Nfe2 exd4 20. exd4 Qe7 21. Ng3 Rae8 22. Rfe1 Qh4 23. Qe2 f5 24. Qxc4+ Kh8 25. exf5 Rxe1+ 26. Rxe1 gxf5 27. Qc7 Be4 28. Qxd6 Rd8 29. Qxa6 h6 30. b5 Bd3 31. Qb6 f4 0-1